[Event "DVM U16 2015"]
[Site "Lingen (Ems) GER"]
[Date "2015.12.28"]
[Round "3"]
[White "Hoppe, Andreas"]
[Black "Grund, Melanie"]
[Result "1-0"]
[Termination "normal"]
[Board "3.4"]
[WhiteElo "1901"]
[BlackElo "1693"]
[WhiteClock "00:55:05"]
[BlackClock "00:33:41"]
[WhiteTeam "Hagener SV"]
[BlackTeam "MTV 1876 Saalfeld"]
[PlyCount "91"]
[WhiteFideId "12922811"]
[BlackFideId "12988804"]
[EventCountry "GER"]
[EventRounds "7"]
[EventType "team-swiss"]
[EventDate "2015.12.26"]

1. e4 {[%clk 1:30:58]} e5 {[%clk 1:30:54]} 2. Nf3 {[%clk 1:31:23]} Nc6 {[%clk
1:31:20]} 3. d4 {[%clk 1:31:47]} exd4 {[%clk 1:31:46]} 4. Bc4 {[%clk 1:32:12]}
d5 {[%clk 1:25:45]} 5. Bxd5 {[%clk 1:31:38]} Nf6 {[%clk 1:20:52]} 6. Bg5 {[%clk
1:23:23]} h6 {[%clk 1:20:47]} 7. Bxf6 {[%clk 1:20:44]} Qxf6 {[%clk 1:20:49]} 8.
O-O {[%clk 1:16:45]} Bg4 {[%clk 1:18:47]} 9. Nbd2 {[%clk 1:16:46]} Bb4 {[%clk
1:14:59]} 10. Bxc6+ {[%clk 1:12:41]} bxc6 {[%clk 1:13:56]} 11. e5 {[%clk
1:06:43]} Qf4 {[%clk 1:06:07]} 12. g3 {[%clk 1:05:27]} Qxd2 {[%clk 1:02:17]}
13. Nxd2 {[%clk 1:05:12]} Bxd1 {[%clk 1:02:42]} 14. Raxd1 {[%clk 1:05:31]} Bxd2
{[%clk 0:59:44]} 15. Rxd2 {[%clk 1:05:21]} Rb8 {[%clk 0:57:58]} 16. b3 {[%clk
1:05:42]} Rb5 {[%clk 0:54:50]} 17. Rxd4 {[%clk 1:02:17]} Rxe5 {[%clk 0:54:56]}
18. Rfd1 {[%clk 1:01:56]} Ke7 {[%clk 0:51:10]} 19. Rd7+ {[%clk 1:01:58]} Kf6
{[%clk 0:50:45]} 20. Rxc7 {[%clk 1:02:16]} Rc5 {[%clk 0:50:55]} 21. Rd6+ {[%clk
1:02:11]} Ke5 {[%clk 0:50:36]} 22. Rdxc6 {[%clk 1:02:28]} Rxc6 {[%clk 0:50:09]}
23. Rxc6 {[%clk 1:02:49]} Ke4 {[%clk 0:49:10]} 24. Rc7 {[%clk 1:02:29]} f5
{[%clk 0:49:00]} 25. Kg2 {[%clk 1:01:55]} g5 {[%clk 0:48:38]} 26. Rxa7 {[%clk
1:02:07]} f4 {[%clk 0:48:52]} 27. Re7+ {[%clk 0:59:58]} Kf5 {[%clk 0:48:22]}
28. a4 {[%clk 0:59:19]} Rc8 {[%clk 0:47:18]} 29. Re2 {[%clk 0:59:24]} Rc3
{[%clk 0:46:52]} 30. f3 {[%clk 0:59:02]} g4 {[%clk 0:46:08]} 31. fxg4+ {[%clk
0:58:34]} Kxg4 {[%clk 0:46:27]} 32. h3+ {[%clk 0:58:57]} Kf5 {[%clk 0:46:34]}
33. gxf4 {[%clk 0:59:02]} Kxf4 {[%clk 0:46:47]} 34. a5 {[%clk 0:58:40]} Rg3+
{[%clk 0:44:03]} 35. Kh2 {[%clk 0:57:17]} Rg5 {[%clk 0:42:42]} 36. b4 {[%clk
0:57:06]} Kf3 {[%clk 0:42:11]} 37. Rd2 {[%clk 0:55:49]} Ke3 {[%clk 0:41:37]}
38. Rd8 {[%clk 0:54:46]} Rg7 {[%clk 0:37:05]} 39. a6 {[%clk 0:54:43]} Kf3
{[%clk 0:37:27]} 40. Rf8+ {[%clk 0:53:52]} Ke3 {[%clk 0:37:24]} 41. b5 {[%clk
0:53:54]} Rc7 {[%clk 0:34:04]} 42. b6 {[%clk 0:53:45]} Rxc2+ {[%clk 0:33:52]}
43. Kg3 {[%clk 0:54:07]} Rc6 {[%clk 0:33:51]} 44. b7 {[%clk 0:54:23]} Rg6+
{[%clk 0:33:16]} 45. Kh2 {[%clk 0:54:45]} Rxa6 {[%clk 0:33:41]} 46. b8=Q {[%clk
0:55:05]} 1-0

[Event "DVM U16 2015"]
[Site "Lingen (Ems) GER"]
[Date "2015.12.28"]
[Round "3"]
[White "Rätzke von Stoyentin, Steffen"]
[Black "Schnabel, Bennett"]
[Result "0-1"]
[Termination "normal"]
[Board "4.1"]
[WhiteElo "1984"]
[BlackElo "2072"]
[WhiteTeam "SC Aurich"]
[BlackTeam "SV Mattnetz Berlin"]
[PlyCount "46"]
[WhiteFideId "12907502"]
[BlackFideId "12943290"]
[EventCountry "GER"]
[EventRounds "7"]
[EventType "team-swiss"]
[EventDate "2015.12.26"]

1. d4 {[%emt 0:00:00]} d5 2. c4 e6 3. Nc3 c6 4. Nf3 dxc4 5. a4 Bb4 6. Bd2 a5 7.
e4 b5 8. axb5 Bxc3 9. Bxc3 cxb5 10. b3 Bb7 11. bxc4 b4 12. Bb2 Bxe4 13. Qe2 Nf6
14. g4 h6 15. Rg1 a4 16. Nd2 a3 17. Nxe4 axb2 18. Nxf6+ Qxf6 19. Qxb2 Rxa1+ 20.
Qxa1 O-O 21. Qa4 Qxd4 22. Qxb4 Rd8 23. Be2 Qa1+ 0-1

[Event "DVM U16 2015"]
[Site "Lingen (Ems) GER"]
[Date "2015.12.28"]
[Round "3"]
[White "Hesse, Henrik"]
[Black "Neumann, Tiemon"]
[Result "1-0"]
[Termination "normal"]
[Board "4.2"]
[WhiteElo "1916"]
[BlackElo "1743"]
[WhiteTeam "SV Mattnetz Berlin"]
[BlackTeam "SC Aurich"]
[PlyCount "97"]
[WhiteFideId "12952060"]
[BlackFideId "12925462"]
[EventCountry "GER"]
[EventRounds "7"]
[EventType "team-swiss"]
[EventDate "2015.12.26"]

1. d4 Nf6 2. Nf3 g6 3. c4 Bg7 4. Nc3 O-O 5. e4 d6 6. Be2 Nbd7 7. O-O e5 8. Rb1
a5 9. a3 exd4 10. Nxd4 Nc5 11. f3 a4 12. Be3 Bd7 13. Ndb5 Bxb5 14. Nxb5 Nb3 15.
Nc3 Re8 16. Nxa4 Rxa4 17. Qxb3 Qa8 18. c5 d5 19. Bb5 Ra5 20. Bxe8 Qxe8 21. Qxb7
dxe4 22. Qxc7 exf3 23. Rxf3 Ra8 24. Rd1 Ng4 25. Bf2 Nxf2 26. Kxf2 Bxb2 27. Qd7
Qf8 28. Qd6 Qe8 29. Re3 Qa4 30. c6 Qh4+ 31. Kg1 Qg5 32. Ree1 Bxa3 33. Qd7 Bb4
34. Re8+ Rxe8 35. Qxe8+ Kg7 36. Qd7 Ba5 37. Rf1 Qc5+ 38. Kh1 Qc4 39. Rd1 Qc3
40. Qd4+ Qxd4 41. Rxd4 Kf6 42. Rd5 Bb6 43. Rb5 Bd8 44. Rb7 h5 45. c7 Bxc7 46.
Rxc7 Ke6 47. g3 f6 48. Kg2 g5 49. Rh7 1-0

[Event "DVM U16 2015"]
[Site "Lingen (Ems) GER"]
[Date "2015.12.28"]
[Round "3"]
[White "Henning, Yannick"]
[Black "Acikel, Mert"]
[Result "1/2-1/2"]
[Termination "normal"]
[Board "4.3"]
[WhiteElo "1696"]
[BlackElo "1859"]
[WhiteTeam "SC Aurich"]
[BlackTeam "SV Mattnetz Berlin"]
[PlyCount "81"]
[WhiteFideId "12930296"]
[BlackFideId "12956465"]
[EventCountry "GER"]
[EventRounds "7"]
[EventType "team-swiss"]
[EventDate "2015.12.26"]

1. d4 d5 2. Nf3 Nf6 3. c4 e6 4. e3 Be7 5. Nc3 O-O 6. b3 b6 7. Be2 Bb7 8. O-O c5
9. Bb2 Nc6 10. Qd2 Rc8 11. Rfd1 dxc4 12. Bxc4 cxd4 13. Nxd4 Na5 14. Be2 Bb4 15.
Rac1 Ne4 16. Qd3 Nxc3 17. Bxc3 Bxc3 18. Rxc3 Qg5 19. Bf3 Rxc3 20. Qxc3 Rc8 21.
Qd3 Bxf3 22. Nxf3 Qc5 23. Qd2 Rf8 24. h3 Nc6 25. Qd6 Qc2 26. Rd2 Qc1+ 27. Kh2
h6 28. Qc7 Qc5 29. Rd6 Ne5 30. Qxc5 Nxf3+ 31. gxf3 bxc5 32. Ra6 Rc8 33. Rxa7 c4
34. bxc4 Rxc4 35. Kg3 e5 36. a4 f6 37. a5 Kh7 38. a6 Ra4 39. Ra8 Kg6 40. a7 Kh5
41. f4 1/2-1/2

[Event "DVM U16 2015"]
[Site "Lingen (Ems) GER"]
[Date "2015.12.28"]
[Round "3"]
[White "Klodt, Daniel"]
[Black "Rajendram, Reanosh"]
[Result "1-0"]
[Termination "normal"]
[Board "4.4"]
[WhiteElo "1751"]
[BlackElo "1533"]
[WhiteTeam "SV Mattnetz Berlin"]
[BlackTeam "SC Aurich"]
[PlyCount "67"]
[WhiteFideId "12938068"]
[BlackFideId "12965162"]
[EventCountry "GER"]
[EventRounds "7"]
[EventType "team-swiss"]
[EventDate "2015.12.26"]

1. e4 c5 2. Nf3 Nc6 3. d4 cxd4 4. Nxd4 Nf6 5. Nc3 e5 6. Ndb5 d6 7. Nd5 Nxd5 8.
Qxd5 Be6 9. Qd1 Be7 10. Be3 O-O 11. Be2 Kh8 12. c4 a6 13. Nc3 Bg5 14. Bxg5 Qxg5
15. O-O Rad8 16. Nd5 Bh3 17. Ne3 Nd4 18. Bg4 Bxg4 19. Qxg4 Qxg4 20. Nxg4 f5 21.
exf5 Rxf5 22. Rad1 h6 23. g3 Rff8 24. Kg2 Kh7 25. Rfe1 h5 26. Ne3 Rfe8 27. Nd5
Rc8 28. b3 a5 29. Re4 Rc5 30. Rdxd4 Rcc8 31. Rd1 Kg6 32. Nc3 Red8 33. Nb5 Rc6
34. Rxe5 1-0

[Event "DVM U16 2015"]
[Site "Lingen (Ems) GER"]
[Date "2015.12.28"]
[Round "3"]
[White "Rieper, Julian"]
[Black "Kasüschke, Lars"]
[Result "0-1"]
[Termination "normal"]
[Board "5.1"]
[WhiteElo "2008"]
[BlackElo "1892"]
[WhiteTeam "SK Doppelbauer Kiel"]
[BlackTeam "SG Schwäbisch Gmünd 1872"]
[PlyCount "74"]
[WhiteFideId "12936960"]
[BlackFideId "12939510"]
[EventCountry "GER"]
[EventRounds "7"]
[EventType "team-swiss"]
[EventDate "2015.12.26"]

1. e4 c5 2. Nc3 e6 3. Nf3 Nc6 4. d4 cxd4 5. Nxd4 Nf6 6. Ndb5 d6 7. Bd3 a6 8.
Na3 e5 9. O-O Be6 10. Nc4 d5 11. exd5 Nxd5 12. Nxd5 Bxd5 13. Qe2 f6 14. c3 Bc5
15. b4 Ba7 16. a4 Qc7 17. Ba3 Ne7 18. b5 Bc5 19. Ne3 Bxa3 20. Rxa3 Be6 21. bxa6
bxa6 22. Bxa6 O-O 23. a5 Qd6 24. Bc4 Qxa3 25. Bxe6+ Kh8 26. Nc4 Qxc3 27. h4 Nc6
28. Bd5 Nd4 29. Qg4 Rad8 30. Ne3 f5 31. Qg5 Qxa5 32. Bc4 Qc7 33. Ba2 f4 34. Nc4
Ra8 35. Nxe5 Rxa2 36. Rd1 Raa8 37. h5 Rf5 0-1

[Event "DVM U16 2015"]
[Site "Lingen (Ems) GER"]
[Date "2015.12.28"]
[Round "3"]
[White "Reindl, Arno"]
[Black "Karlisch, Moritz"]
[Result "1/2-1/2"]
[Termination "normal"]
[Board "5.2"]
[WhiteElo "1586"]
[BlackElo "1789"]
[WhiteTeam "SG Schwäbisch Gmünd 1872"]
[BlackTeam "SK Doppelbauer Kiel"]
[PlyCount "80"]
[WhiteFideId "12946729"]
[BlackFideId "12964859"]
[EventCountry "GER"]
[EventRounds "7"]
[EventType "team-swiss"]
[EventDate "2015.12.26"]

1. e4 e6 2. Nf3 d5 3. e5 c5 4. b4 cxb4 5. a3 Nc6 6. axb4 Bxb4 7. c3 Be7 8. d4
f6 9. Bd3 fxe5 10. dxe5 d4 11. cxd4 Bb4+ 12. Bd2 Bxd2+ 13. Qxd2 Qe7 14. O-O Nh6
15. Nc3 Nf7 16. Ne4 O-O 17. Neg5 Nxg5 18. Nxg5 h6 19. Nf3 Rd8 20. Be4 Nb4 21.
Rfb1 Nd5 22. Rb3 b6 23. Bxd5 Rxd5 24. Rxb6 axb6 25. Rxa8 Qb7 26. Ra1 Bd7 27.
Qb2 Rb5 28. Qc2 Bc6 29. Qc4 Qd7 30. Rc1 Bd5 31. Qc2 Bxf3 32. Qc8+ Qxc8 33.
Rxc8+ Kf7 34. Rc7+ Kg6 35. gxf3 Rd5 36. Rc6 Kf5 37. Rxb6 Rxd4 38. Rb5 Kf4 39.
Kg2 g5 40. Ra5 Rc4 1/2-1/2

[Event "DVM U16 2015"]
[Site "Lingen (Ems) GER"]
[Date "2015.12.28"]
[Round "3"]
[White "Behringer, Tom"]
[Black "Waibel, Christian"]
[Result "1-0"]
[Termination "normal"]
[Board "5.3"]
[WhiteElo "1788"]
[BlackElo "1565"]
[WhiteTeam "SK Doppelbauer Kiel"]
[BlackTeam "SG Schwäbisch Gmünd 1872"]
[PlyCount "71"]
[WhiteFideId "16203496"]
[BlackFideId "16217497"]
[EventCountry "GER"]
[EventRounds "7"]
[EventType "team-swiss"]
[EventDate "2015.12.26"]

1. d4 d5 2. c4 e6 3. Nc3 Nf6 4. Bg5 Be7 5. e3 O-O 6. Nf3 Nbd7 7. Qc2 Re8 8. Rc1
c6 9. cxd5 exd5 10. Bd3 h6 11. Bh4 Nb6 12. h3 Nh5 13. Bxe7 Qxe7 14. O-O Nf6 15.
Ne5 Nbd7 16. f4 c5 17. b3 b6 18. Nb5 Nxe5 19. fxe5 Ne4 20. Bxe4 dxe4 21. Qxe4
Ba6 22. a4 Qd7 23. dxc5 Bxb5 24. axb5 Qxb5 25. Qd5 Rf8 26. Rxf7 Rxf7 27. Qxa8+
Kh7 28. Qe4+ Kg8 29. e6 Rc7 30. e7 Qe8 31. c6 Rxe7 32. Qd5+ Kh8 33. c7 Qc8 34.
Qd8+ Re8 35. Qxe8+ Qxe8 36. c8=Q 1-0

[Event "DVM U16 2015"]
[Site "Lingen (Ems) GER"]
[Date "2015.12.28"]
[Round "3"]
[White "Reindl, Knut"]
[Black "Arndt, Magnus"]
[Result "1/2-1/2"]
[Termination "normal"]
[Board "5.4"]
[WhiteElo "1697"]
[BlackElo "1732"]
[WhiteTeam "SG Schwäbisch Gmünd 1872"]
[BlackTeam "SK Doppelbauer Kiel"]
[PlyCount "82"]
[WhiteFideId "12946753"]
[BlackFideId "12998656"]
[EventCountry "GER"]
[EventRounds "7"]
[EventType "team-swiss"]
[EventDate "2015.12.26"]

1. c4 e6 2. g3 Nf6 3. Bg2 d5 4. cxd5 exd5 5. Nf3 Bf5 6. d3 c6 7. O-O Be7 8. Bf4
O-O 9. Qb3 Qb6 10. Nbd2 Nbd7 11. Qc2 Rfe8 12. Nb3 Rad8 13. Rac1 Nf8 14. Be3 Qc7
15. a3 Ng4 16. Bf4 Bd6 17. Bxd6 Qxd6 18. Qd2 Ne5 19. Nxe5 Qxe5 20. e3 Bg4 21.
d4 Qh5 22. Nc5 Re7 23. Nd3 Ne6 24. Ne5 Bh3 25. Qd1 Qh6 26. Ng4 Bxg4 27. Qxg4
Nc7 28. Rfe1 Ne8 29. Qf4 Qxf4 30. gxf4 Nd6 31. b3 Kf8 32. Bf3 a5 33. a4 g6 34.
h3 f5 35. Kh2 Kf7 36. Rg1 Rg8 37. h4 h5 38. Rg2 Ne8 39. Rc5 Ke6 40. Bxh5 Rh7
41. Bf3 Rxh4+ 1/2-1/2

[Event "DVM U16 2015"]
[Site "Lingen (Ems) GER"]
[Date "2015.12.28"]
[Round "3"]
[White "Knudsen, Simon"]
[Black "Chittka, Julius"]
[Result "1/2-1/2"]
[Termination "normal"]
[Board "6.1"]
[WhiteElo "1912"]
[BlackElo "2021"]
[WhiteTeam "SV Horst-Emscher 31"]
[BlackTeam "VfSuF 1975 Düsseldorf-Süd"]
[PlyCount "54"]
[WhiteFideId "12985546"]
[BlackFideId "12954772"]
[EventCountry "GER"]
[EventRounds "7"]
[EventType "team-swiss"]
[EventDate "2015.12.26"]

1. e4 {[%emt 0:00:00]} c5 2. Nf3 Nc6 3. d4 cxd4 4. Nxd4 g6 5. c4 Nf6 6. Nc3
Nxd4 7. Qxd4 d6 8. Be3 Bg7 9. Be2 O-O 10. Qd2 a5 11. Bh6 a4 12. Bxg7 Kxg7 13.
O-O Qa5 14. Rfd1 Be6 15. f3 Rfc8 16. Nd5 Qxd2 17. Rxd2 Bxd5 18. cxd5 Rc5 19.
Kf2 Nd7 20. Rad1 f5 21. Rd4 Rc2 22. R1d2 Rxd2 23. Rxd2 a3 24. b4 fxe4 25. fxe4
Ne5 26. Ke3 Rc8 27. Kd4 Rc1 1/2-1/2

[Event "DVM U16 2015"]
[Site "Lingen (Ems) GER"]
[Date "2015.12.28"]
[Round "3"]
[White "Surguchov, Alexander"]
[Black "Walker, Julia"]
[Result "1/2-1/2"]
[Termination "normal"]
[Board "6.2"]
[WhiteElo "1798"]
[BlackElo "1772"]
[WhiteTeam "VfSuF 1975 Düsseldorf-Süd"]
[BlackTeam "SV Horst-Emscher 31"]
[PlyCount "41"]
[WhiteFideId "1272035"]
[BlackFideId "1271852"]
[EventCountry "GER"]
[EventRounds "7"]
[EventType "team-swiss"]
[EventDate "2015.12.26"]

1. d4 d5 2. Bf4 c5 3. e3 Nf6 4. c3 Nc6 5. Nd2 Qb6 6. Qb3 c4 7. Qxb6 axb6 8. a3
b5 9. Rc1 Bf5 10. Be2 e6 11. h3 Be7 12. Ngf3 h6 13. O-O O-O 14. Bd1 Ne4 15. Bc2
Nxd2 16. Nxd2 Bxc2 17. Rxc2 f5 18. Bg3 g5 19. f4 Kh7 20. Nf3 Rac8 21. Be1
1/2-1/2

[Event "DVM U16 2015"]
[Site "Lingen (Ems) GER"]
[Date "2015.12.28"]
[Round "3"]
[White "Rebentisch, Tom"]
[Black "Gula, Julian"]
[Result "1-0"]
[Termination "normal"]
[Board "6.3"]
[WhiteElo "1838"]
[BlackElo "1776"]
[WhiteTeam "SV Horst-Emscher 31"]
[BlackTeam "VfSuF 1975 Düsseldorf-Süd"]
[PlyCount "81"]
[WhiteFideId "16202627"]
[BlackFideId "12954799"]
[EventCountry "GER"]
[EventRounds "7"]
[EventType "team-swiss"]
[EventDate "2015.12.26"]

1. e4 c5 2. Nf3 g6 3. d4 cxd4 4. Qxd4 Nf6 5. e5 Nc6 6. Qa4 Nd5 7. Qe4 Nc7 8.
Nc3 Bg7 9. Bf4 O-O 10. Bc4 Ne6 11. Bg3 Nc5 12. Qe3 b6 13. O-O-O Bb7 14. h4 Na5
15. Bb3 Rc8 16. h5 Naxb3+ 17. axb3 Ne6 18. hxg6 fxg6 19. Nd4 Qe8 20. Nxe6 dxe6
21. Ne4 Qc6 22. Nc3 b5 23. Rd2 b4 24. Ne2 Qxg2 25. Rh2 Qf3 26. Qxf3 Rxf3 27.
Nd4 Rf7 28. Nxe6 Bh8 29. Rd8+ Rxd8 30. Nxd8 Bd5 31. Nxf7 Bxf7 32. Rh4 a5 33.
Rd4 h5 34. Rd8+ Kh7 35. f4 Bg7 36. Rd7 Bf8 37. Bh4 Bh6 38. Bg5 h4 39. Bxh4
Bxf4+ 40. Kd1 Bxe5 41. Rxe7 1-0

[Event "DVM U16 2015"]
[Site "Lingen (Ems) GER"]
[Date "2015.12.28"]
[Round "3"]
[White "Schmitz, Fabian"]
[Black "Karabügül, Okan"]
[Result "0-1"]
[Termination "normal"]
[Board "6.4"]
[WhiteElo "1634"]
[BlackElo "1821"]
[WhiteTeam "VfSuF 1975 Düsseldorf-Süd"]
[BlackTeam "SV Horst-Emscher 31"]
[PlyCount "64"]
[WhiteFideId "12965006"]
[BlackFideId "12981842"]
[EventCountry "GER"]
[EventRounds "7"]
[EventType "team-swiss"]
[EventDate "2015.12.26"]

1. e4 e5 2. Nf3 Nc6 3. Bb5 a6 4. Ba4 Nf6 5. d3 b5 6. Bb3 Be7 7. O-O O-O 8. Re1
d6 9. c3 Na5 10. Bc2 c5 11. Nbd2 Nc6 12. Nf1 Nh5 13. d4 cxd4 14. cxd4 Bg4 15.
Ne3 Bxf3 16. Qxf3 Nf6 17. dxe5 Nd4 18. Qg3 dxe5 19. Rd1 Ne2+ 20. Kf1 Nxg3+ 21.
fxg3 Qc7 22. Bd2 Bc5 23. Nf5 Qb6 24. Re1 Ng4 25. h3 Rfd8 26. Re2 Nh2+ 27. Ke1
Bb4 28. Rf2 Rxd2 29. Rxd2 Rd8 30. Ne7+ Kf8 31. Nd5 Rxd5 32. exd5 Qe3+ 0-1

[Event "DVM U16 2015"]
[Site "Lingen (Ems) GER"]
[Date "2015.12.28"]
[Round "3"]
[White "Kreyssig, Bruno"]
[Black "Philipp, Mathias"]
[Result "1-0"]
[Termination "normal"]
[Board "7.1"]
[WhiteElo "2049"]
[BlackElo "1779"]
[WhiteTeam "SG Leipzig"]
[BlackTeam "SSV Vimaria 91 Weimar"]
[PlyCount "37"]
[WhiteFideId "4692489"]
[BlackFideId "12958883"]
[EventCountry "GER"]
[EventRounds "7"]
[EventType "team-swiss"]
[EventDate "2015.12.26"]

1. e4 e5 2. Nf3 Nc6 3. Bc4 Bc5 4. b4 Bxb4 5. c3 Ba5 6. d4 exd4 7. O-O Nf6 8.
Ba3 d6 9. e5 dxe5 10. Qb3 Rf8 11. Re1 Nd7 12. Re2 Bb6 13. Nbd2 f5 14. Rae1 Qf6
15. Qb5 Kd8 16. Bxf8 Qxf8 17. Ng5 Qe7 18. Nf7+ Ke8 19. Nxe5 1-0

[Event "DVM U16 2015"]
[Site "Lingen (Ems) GER"]
[Date "2015.12.28"]
[Round "3"]
[White "Latka, Richard"]
[Black "Hofmann, Timo"]
[Result "1/2-1/2"]
[Termination "normal"]
[Board "7.2"]
[WhiteElo "1688"]
[BlackElo "1776"]
[WhiteTeam "SSV Vimaria 91 Weimar"]
[BlackTeam "SG Leipzig"]
[PlyCount "55"]
[WhiteFideId "24690082"]
[BlackFideId "12946044"]
[EventCountry "GER"]
[EventRounds "7"]
[EventType "team-swiss"]
[EventDate "2015.12.26"]

1. e4 e6 2. d4 d5 3. exd5 exd5 4. Qf3 Nf6 5. h3 Nc6 6. c3 Bd6 7. Bd3 Ne4 8. Ne2
f5 9. Bf4 O-O 10. Nd2 Ne7 11. Bxd6 Qxd6 12. O-O-O c6 13. Rdf1 b5 14. Qh5 b4 15.
c4 a5 16. c5 Qg6 17. Qxg6 Nxg6 18. f3 Nxd2 19. Kxd2 Ba6 20. f4 Bxd3 21. Kxd3
Rae8 22. g3 Re4 23. Rf3 Rfe8 24. Rh2 h5 25. h4 Nf8 26. Kd2 Ne6 27. Rd3 Nc7 28.
a4 1/2-1/2

[Event "DVM U16 2015"]
[Site "Lingen (Ems) GER"]
[Date "2015.12.28"]
[Round "3"]
[White "Faßhauer, Jacob"]
[Black "Klee, Otto"]
[Result "1-0"]
[Termination "normal"]
[Board "7.3"]
[WhiteElo "1719"]
[BlackElo "1515"]
[WhiteTeam "SG Leipzig"]
[BlackTeam "SSV Vimaria 91 Weimar"]
[PlyCount "65"]
[WhiteFideId "12990167"]
[BlackFideId "16217519"]
[EventCountry "GER"]
[EventRounds "7"]
[EventType "team-swiss"]
[EventDate "2015.12.26"]

1. e4 c5 2. Nc3 Nc6 3. g3 g6 4. Bg2 e6 5. d3 Bg7 6. Nh3 Nge7 7. O-O O-O 8. Be3
Nd4 9. Qd2 Re8 10. Rae1 Rb8 11. Nd1 b6 12. c3 Ndc6 13. f4 d5 14. e5 d4 15. Bf2
Ba6 16. c4 b5 17. b3 bxc4 18. bxc4 Bb7 19. g4 Bh6 20. Bh4 Nb4 21. Bxb7 Rxb7 22.
Ndf2 Qa5 23. Ne4 Nc8 24. Nf6+ Kf8 25. Nxe8 Kxe8 26. Re2 Qa3 27. Rf3 Rb6 28. Ng5
Bxg5 29. Bxg5 Ra6 30. f5 Nxa2 31. fxe6 Nc3 32. exf7+ Kd7 33. f8=Q 1-0

[Event "DVM U16 2015"]
[Site "Lingen (Ems) GER"]
[Date "2015.12.28"]
[Round "3"]
[White "Katzschmann, Christian"]
[Black "Knüpfer, Tim"]
[Result "0-1"]
[Termination "normal"]
[Board "7.4"]
[WhiteElo "1364"]
[BlackElo "1592"]
[WhiteTeam "SSV Vimaria 91 Weimar"]
[BlackTeam "SG Leipzig"]
[PlyCount "82"]
[WhiteFideId "12983667"]
[BlackFideId "16217489"]
[EventCountry "GER"]
[EventRounds "7"]
[EventType "team-swiss"]
[EventDate "2015.12.26"]

1. d4 Nf6 2. Nf3 e6 3. e3 c5 4. Bd3 d5 5. b3 Nbd7 6. O-O Bd6 7. Bb2 b6 8. Ne5
Bb7 9. f4 h5 10. Nd2 cxd4 11. exd4 Ng4 12. Nxg4 hxg4 13. Qxg4 Qf6 14. g3 O-O-O
15. c4 Bc5 16. f5 Qh6 17. Qe2 Bd6 18. cxd5 Bxd5 19. fxe6 fxe6 20. Bc4 Bxg3 21.
hxg3 Qh1+ 22. Kf2 Rh2+ 23. Ke1 Rxe2+ 24. Kxe2 Bxc4+ 25. Nxc4 Qh2+ 26. Ke3 Qxg3+
27. Rf3 Qg5+ 28. Kd3 Qd5 29. Rg3 e5 30. Rxg7 exd4 31. Rd1 Nc5+ 32. Kc2 Qe4+ 33.
Kc1 Nd3+ 34. Kd2 b5 35. Na5 Qe3+ 36. Kc2 Nb4+ 37. Kb1 Qe4+ 38. Ka1 Nc2+ 39. Kb1
Na3+ 40. Ka1 Qb1+ 41. Rxb1 Nc2# 0-1

[Event "DVM U16 2015"]
[Site "Lingen (Ems) GER"]
[Date "2015.12.28"]
[Round "3"]
[White "Oberhofer, Cédric"]
[Black "Gschnitzer, Adrian"]
[Result "1/2-1/2"]
[Termination "normal"]
[Board "8.1"]
[WhiteElo "2150"]
[BlackElo "2126"]
[WhiteTeam "SC Bavaria Regensburg 1881"]
[BlackTeam "SV 1947 Walldorf"]
[PlyCount "57"]
[WhiteFideId "12941220"]
[BlackFideId "1270337"]
[EventCountry "GER"]
[EventRounds "7"]
[EventType "team-swiss"]
[EventDate "2015.12.26"]

1. e4 c5 2. Nf3 Nc6 3. d4 cxd4 4. Nxd4 g6 5. Nc3 Bg7 6. Be3 Nf6 7. Nxc6 bxc6 8.
e5 Nd5 9. Nxd5 cxd5 10. Qxd5 Rb8 11. O-O-O Bb7 12. Qc5 O-O 13. c3 Rc8 14. Qxa7
Bc6 15. Qb6 Qxb6 16. Bxb6 Bxe5 17. Be3 Ra8 18. f4 Bd6 19. Bc4 Bxg2 20. Rhg1 Bh3
21. Bb3 Rfb8 22. Rg5 Kg7 23. Kc2 f6 24. Rg3 Bf5+ 25. Kc1 Rb5 26. Rg2 Bc7 27.
Rd5 Rxd5 28. Bxd5 Ra5 29. Rd2 1/2-1/2

[Event "DVM U16 2015"]
[Site "Lingen (Ems) GER"]
[Date "2015.12.28"]
[Round "3"]
[White "Färber, David"]
[Black "Dechant, Georg"]
[Result "1/2-1/2"]
[Termination "normal"]
[Board "8.2"]
[WhiteElo "2000"]
[BlackElo "1993"]
[WhiteTeam "SV 1947 Walldorf"]
[BlackTeam "SC Bavaria Regensburg 1881"]
[PlyCount "52"]
[WhiteFideId "12971294"]
[BlackFideId "12956716"]
[EventCountry "GER"]
[EventRounds "7"]
[EventType "team-swiss"]
[EventDate "2015.12.26"]

1. e4 c5 2. Nf3 e6 3. d4 cxd4 4. Nxd4 Nc6 5. Nc3 Qc7 6. Be3 a6 7. Qf3 Nf6 8.
O-O-O Bb4 9. Bd3 Bxc3 10. bxc3 O-O 11. Qg3 Qxg3 12. hxg3 Ne5 13. Nf3 d6 14. Bd4
Nfd7 15. Ng5 h6 16. Nh3 Nxd3+ 17. cxd3 e5 18. Be3 Nf6 19. f4 Bd7 20. Nf2 Rac8
21. Kb2 Ng4 22. Nxg4 Bxg4 23. Rd2 Rc6 24. f5 Rfc8 25. c4 h5 26. a4 f6 1/2-1/2

[Event "DVM U16 2015"]
[Site "Lingen (Ems) GER"]
[Date "2015.12.28"]
[Round "3"]
[White "Sammet, Dominik"]
[Black "Hartmann, Cora"]
[Result "1/2-1/2"]
[Termination "normal"]
[Board "8.3"]
[WhiteElo "1685"]
[BlackElo "1803"]
[WhiteTeam "SC Bavaria Regensburg 1881"]
[BlackTeam "SV 1947 Walldorf"]
[PlyCount "93"]
[WhiteFideId "12987875"]
[BlackFideId "16200764"]
[EventCountry "GER"]
[EventRounds "7"]
[EventType "team-swiss"]
[EventDate "2015.12.26"]

1. e4 {[%emt 0:00:00]} e5 2. Nf3 Nc6 3. Bb5 a6 4. Ba4 Nf6 5. O-O b5 6. Bb3 Be7
7. Re1 O-O 8. c3 Bb7 9. d4 d6 10. Nbd2 Re8 11. Nf1 Na5 12. Bc2 exd4 13. cxd4 c5
14. d5 Nc4 15. Ne3 Nb6 16. Bd2 Nfd7 17. Nf5 Bf8 18. Bf4 Nc4 19. b3 Nce5 20. Qe2
Bc8 21. Rad1 Nxf3+ 22. Qxf3 Ne5 23. Bxe5 Rxe5 24. Ng3 Qg5 25. h3 Be7 26. Qd3
Bf6 27. Rf1 Re7 28. f4 Qh4 29. Kh2 Bg4 30. Rde1 Rae8 31. Bd1 Bd7 32. Bc2 Bd4
33. b4 f5 34. bxc5 Bxc5 35. Qc3 fxe4 36. Rxe4 Rxe4 37. Nxe4 b4 38. Qb3 Bb5 39.
Bd3 Rxe4 40. Bxb5 axb5 41. Qf3 Re3 42. Qd1 Qg3+ 43. Kh1 Re4 44. Qd2 Be3 45. Qc2
Bxf4 46. Qc8+ Kf7 47. Qf5+ 1/2-1/2

[Event "DVM U16 2015"]
[Site "Lingen (Ems) GER"]
[Date "2015.12.28"]
[Round "3"]
[White "Baureis, Julian"]
[Black "Oberhofer, Marie"]
[Result "0-1"]
[Termination "normal"]
[Board "8.4"]
[WhiteElo "1664"]
[BlackElo "1602"]
[WhiteTeam "SV 1947 Walldorf"]
[BlackTeam "SC Bavaria Regensburg 1881"]
[PlyCount "40"]
[WhiteFideId "12991112"]
[BlackFideId "12938165"]
[EventCountry "GER"]
[EventRounds "7"]
[EventType "team-swiss"]
[EventDate "2015.12.26"]

1. d4 Nf6 2. Nf3 g6 3. c4 c5 4. d5 e6 5. Nc3 exd5 6. cxd5 d6 7. e4 Bg7 8. Be3
Bg4 9. Be2 Nbd7 10. Bf4 Qe7 11. Qc2 a6 12. a4 O-O 13. Nd2 Bxe2 14. Nxe2 Rfe8
15. f3 Nxd5 16. Nc4 Nxf4 17. Nxf4 Nf6 18. Ne3 Qe5 19. Nfd5 Nxd5 20. Nxd5 Qxd5
0-1